| 000 | 01176nam a22001817a 4500 | ||
|---|---|---|---|
| 999 |
_c28644 _d28644 |
||
| 003 | BDDh-ASL | ||
| 005 | 20231015030943.0 | ||
| 008 | 220427s1984 b ||||| |||| 00| 0 b d | ||
| 040 | _cBDDh-ASL | ||
| 082 |
_a928 _bAKM |
||
| 245 | 0 | 0 | _aএ. কে. নাজমুল করিম স্মারক গ্রন্থ / |
| 246 | _aA. K. M. Nazmul Karim Smarakgrantha. | ||
| 260 |
_aঢাকা: _bসমাজবিজ্ঞান বিভাগ, ঢাকা বিশ্ববিদ্যালয়, _c১৯৮৪। |
||
| 300 |
_a৩২৯ পৃষ্ঠা; _c২৫ সে.মি. |
||
| 650 | 0 |
_aCommemoration Volume (স্মারকগ্রন্থ), Memoirs, স্মারকগ্রন্থ, Smārakagrantha, Souvenir, স্মরণিক, স্মারকগ্রন্থ, স্মৃতিকথা, Smr̥tikathā, Memoirs, Reminiscences, স্মরণিকা, Smaraṇikā, Souvenir, স্যুভেনির, অভিজ্ঞান, Syubhēnira, so͞ovəˈnir, memorial, souvenir, remembrancer _94668 |
|
| 700 | 1 |
_96146 _aআফসারউদ্দিন, মুহাম্মদ _cঅধ্যাপক |
|
| 942 |
_2ddc _cBK |
||